| 000 | 00575cam1a220020500 4500 | ||
|---|---|---|---|
| 001 | tmp15334452 | ||
| 003 | UPRA | ||
| 005 | 20190815102014.0 | ||
| 008 | 950731m19699999rm rum u | ||
| 035 | _a(Sirsi) r120535 | ||
| 035 | _a(UPRA)tmp15334452 | ||
| 040 | _cUPRA | ||
| 100 | 1 |
_aAndreescu, Radu Bogdan. _6A87038.1 |
|
| 245 | 1 | 0 | _aRadu Bogdan Andreescu. |
| 260 |
_aBucuresti : _bMoridiane, _c1969- |
||
| 504 | _aBibliography: v. 1, p. 337-347. | ||
| 505 | 1 | _av. 1. Artistul ^in epoca | |
| 949 |
_aND933 _vVOL. 1 _wlcc _i-173354 _mMAIN _tBOOK _lON-SHELF |
||
| 004 | 120535 | ||
| 999 |
_c63655 _d63655 |
||